00290nam a22001097a 4500020001800000082001600018100001800034245005300052260003800105300001000143650002700153 a9780748715176 a004.03 WHI aWhitcomb,Alan aAn Illustrated Information Technology Dictionary aCheltenhambStanley Thornesc1992 a192 p aInformation technology